000 00590nam a2200229Ia 4500
003 OSt
005 20221005133522.0
006 a|||||r|||| 00| 0
007 ta
008 221004b |||||||| |||| 00| 0 eng d
024 _a70153
037 _cTextual
040 _aCRL
_cCRL
_beng
041 _2eng
_aeng
082 _aY112:3:7:1:N3, G6
100 _aHanna Paul R. etc.
_9642550
245 0 _aYouth serves the community, etc.
260 _c1936
650 _aSOCIOLOGY
942 _hY112:3:7:1:N3, G6
_cTEXL
_2cc
999 _c1067069
_d1067069